Loading...

Law as a moral idea

Bibliographic Details
Main Author: Simmonds, N E
Format: Printed Book
Language:English
Published: Oxford University Press 2007
Subjects:
LEADER 00519nam a22001697a 4500
003 OSt
008 100831t xxu||||| |||| 00| 0 eng d
020 |a 9780199552191 
080 |a 340.12  |b SIM 
100 |a Simmonds, N E  |9 16170 
245 |a Law as a moral idea 
260 |a Oxford  |b University Press  |c 2007 
300 |a x,209p. 
653 |a Jurisprudence 
942 |c BK  |6 _ 
999 |c 195141  |d 195141 
952 |0 0  |1 0  |4 0  |6 34012_SIM  |7 0  |8 GEN  |9 250891  |a SLS  |b SLS  |d 2010-08-31  |l 1  |o 340.12 SIM  |p SLS027664  |r 2019-05-28  |s 2019-04-09  |w 2010-08-31  |y BK